000 00453nam a2200157Ia 4500
008 230312s9999||||xx |||||||||||||| ||und||
020 _a0074517015
082 _a621.3815
_bJAI-D
100 _aJain, R.P
245 0 _aDigital Electronics and Microprocessors
260 _bTata McGraw-Hill
_aNew Delhi
_c2008
300 _a524
546 _aEng.
650 _aEngineering
_vDigital logic familes, Timing circuits, Boolean Algebraic Theorems
942 _cBK
999 _c1715
_d1715